Čechy lákajú turistov
Rozšírenie aktivít cestovnej agentúry Czech Tourism v r.2005 o nové turistické témy. Dôraz na príjazdovú turistiku a zameranie sa na cieľové skupiny. Významný podiel cestovného ruchu na českej ekonomike. Propagácia na veľtrhoch a prostredníctvom zahraničných zastúpení.
Enregistré dans:
| Auteur principal: | |
|---|---|
| Format: | Chapitre de livre |
| Langue: | slovaque |
| Sujets: | |
| Tags: |
Pas de tags, Soyez le premier à ajouter un tag!
|
MARC
| LEADER | 00000naa$a2200000$$$4500 | ||
|---|---|---|---|
| 001 | 0024234 | ||
| 005 | 20231009070237.0 | ||
| 041 | 0 | |a slo | |
| 044 | |a SK | ||
| 245 | 1 | 0 | |a Čechy lákajú turistov |c Ivan Polakovič |
| 520 | |a Rozšírenie aktivít cestovnej agentúry Czech Tourism v r.2005 o nové turistické témy. Dôraz na príjazdovú turistiku a zameranie sa na cieľové skupiny. Významný podiel cestovného ruchu na českej ekonomike. Propagácia na veľtrhoch a prostredníctvom zahraničných zastúpení. | ||
| 610 | 2 | 0 | |a ruch cestovný domáci |
| 610 | 2 | 0 | |a turistika |
| 610 | 2 | 0 | |a kultúra |
| 610 | 2 | 0 | |a história |
| 610 | 2 | 0 | |a architektúra |
| 610 | 2 | 0 | |a pamiatky |
| 610 | 2 | 0 | |a príroda |
| 610 | 2 | 0 | |a príjmy |
| 610 | 2 | 0 | |a príležitosť pracovná |
| 610 | 2 | 0 | |a Česko |
| 100 | 1 | |a Polakovič, Ivan | |